| 000 | 00000nam##2200000za#4500 |
| 001 | 9.644343 |
| 003 | CaOODSP |
| 005 | 20250403105406 |
| 007 | cr ||||||||||| |
| 008 | 150407|2015||||xxc|||||o f|0| 0 fre|d |
| 040 | |aCaOODSP|bfre |
| 043 | |an-cn--- |
| 086 | 1 |aCS89-654/1-2015F-PDF |
| 245 | 03|aUn profil de l'incapacité chez les Canadiens âgés de 15 ans ou plus, 2012 / |h[ressource électronique]|cpar Rubab Arim. |
| 246 | 1 |aEnquête canadienne sur l’incapacité, 2012 |
| 260 | |aOttawa - Ontario : |bStatistique Canada |cDate de diffusion : le 13 mars 2015. |
| 300 | |a29p.|bfigures, références, tableaux |
| 590 | |a15-11|b2015-03-13 |
| 691 | 07|aHandicap intellectuel|2gcpds |
| 710 | 2 |aStatistique Canada. |
| 775 | 08|tA profile of persons with disabilities among Canadians aged 15 years or older, 2012 / |w(CaOODSP)9.700457 |
| 856 | 40|ahttp://publications.gc.ca|qPDF|s754 Ko|uhttps://publications.gc.ca/collections/collection_2015/statcan/89-654-x2015001-fra.pdf |